Cats at the campground / (Record no. 34190)
[ view plain ]
| 000 -LEADER | |
|---|---|
| fixed length control field | 00472nam a22001937a 4500 |
| 003 - CONTROL NUMBER IDENTIFIER | |
| control field | OSt |
| 005 - DATE AND TIME OF LATEST TRANSACTION | |
| control field | 20140407150944.0 |
| 008 - FIXED-LENGTH DATA ELEMENTS--GENERAL INFORMATION | |
| fixed length control field | 131008t xxu||||| |||| 00| 0 eng d |
| 050 ## - LIBRARY OF CONGRESS CALL NUMBER | |
| Classification number | PZ 7 |
| Item number | .B146Cc 2001 |
| 100 ## - MAIN ENTRY--PERSONAL NAME | |
| Personal name | Baglio, Ben M. |
| 9 (RLIN) | 5246 |
| 245 ## - TITLE STATEMENT | |
| Title | Cats at the campground / |
| Statement of responsibility, etc | Ben M. Baglio. |
| 300 ## - PHYSICAL DESCRIPTION | |
| Extent | 132 p. : |
| Dimensions | 20 cm. |
| 521 ## - TARGET AUDIENCE NOTE | |
| Target audience note | |
| 526 ## - STUDY PROGRAM INFORMATION NOTE | |
| Reading level | 600 |
| 650 ## - SUBJECT ADDED ENTRY--TOPICAL TERM | |
| Topical term or geographic name as entry element | Cats |
| General subdivision | Juvenile Fiction |
| 9 (RLIN) | 26545 |
| 942 ## - ADDED ENTRY ELEMENTS (KOHA) | |
| Source of classification or shelving scheme | Library of Congress Classification |
| Koha item type | Books |
| Withdrawn status | Lost status | Source of classification or shelving scheme | Damaged status | Home library | Current library | Shelving location | Date acquired | Total Checkouts | Full call number | Barcode | Date last seen | Copy number | Price effective from | Koha item type |
|---|---|---|---|---|---|---|---|---|---|---|---|---|---|---|
| Library of Congress Classification | Luxembourg Library | Luxembourg Library | Scholastic Reading Center Section | 10/08/2013 | PZ 7 .B146Cc 2001 | LEX2498 | 04/18/2017 | 1 | 10/08/2013 | Books | ||||
| Library of Congress Classification | Luxembourg Library | Luxembourg Library | Scholastic Reading Center Section | 10/08/2013 | PZ 7 .B146Cc 2001 | LEX2499 | 04/18/2017 | 2 | 10/08/2013 | Books |